| 000 | 00440nam a22001457a 4500 | ||
|---|---|---|---|
| 005 | 20240306145929.0 | ||
| 008 | 240306b ||||| |||| 00| 0 eng d | ||
| 040 | _cAL | ||
| 041 | _aeng | ||
| 082 |
_223 _a647.95 _bCONS |
||
| 245 | _aConsumer Perception Towards Pubs with a Special Reference to Knight Rider Pub Mangalore | ||
| 260 |
_aMangalore _bSt Aloysius College _c1998 |
||
| 700 |
_aFERNANDES (Jay George) _9153245 |
||
| 942 |
_2ddc _cPRO |
||
| 999 |
_c230105 _d230105 |
||